[Event "FRA-ch Accession"]
[Site "Besancon"]
[Date "2006.08.23"]
[Round "8"]
[White "Lasserre, Marc"]
[Black "Vernay, Gaspard"]
[Result "0-1"]
[WhiteElo "1636"]
[BlackElo "1690"]
[PlyCount "88"]
[EventDate "2006.08.15"]
[EventType "swiss"]
[EventRounds "10"]
[EventCountry "FRA"]
[SourceTitle "CBM 113 Extra"]
[Source "ChessBase"]
[SourceDate "2006.09.14"]
[SourceVersion "1"]
[SourceVersionDate "2006.09.14"]
[SourceQuality "1"]

1. d4 d5 2. a3 c6 3. b4 e6 4. Nf3 Nf6 5. Bb2 a5 6. c3 Bd6 7. e3 0-0 8. Be2 Nbd7 9. 0-0 e5 10. dxe5 Nxe5 11. Nbd2 Bg4 12. Nxe5 Bxe2 13. Qxe2 Bxe5 14. Rfd1 Qc7 15. g3 axb4 16. axb4 Qb6 17. Nb3 Ne4 18. Qc2 Rxa1 19. Rxa1 Bf6 20. Kg2 Re8 21. Qd3 g6 22. Nd4 Rd8 23. Qc2 Re8 24. Qd3 c5 25. Ne2 cxb4 26. Rb1 Rd8 27. cxb4 Bxb2 28. Rxb2 Qf6 29. Nd4 Ng5 30. Qe2 Re8 31. Qb5 Re7 32. Qxd5 Ne4 33. Qb3 Nd6 34. Ne2 Ne4 35. Nf4 Qg7 36. Rc2 h6 37. Qd3 Qf8 38. Rc4 Nf6 39. Nd5 Nxd5 40. Qxd5 Qa8 41. h4 Re6 42. Qd7 b5+ 43. Kh2 bxc4 44. Qd4 Qc6 0-1

[Event "FRA-ch Accession"]
[Site "Besancon"]
[Date "2006.08.22"]
[Round "7"]
[White "Vernay, Gaspard"]
[Black "Guerreiro, Laurent"]
[Result "1-0"]
[WhiteElo "1690"]
[BlackElo "1499"]
[PlyCount "69"]
[EventDate "2006.08.15"]
[EventType "swiss"]
[EventRounds "10"]
[EventCountry "FRA"]
[SourceTitle "CBM 113 Extra"]
[Source "ChessBase"]
[SourceDate "2006.09.14"]
[SourceVersion "1"]
[SourceVersionDate "2006.09.14"]
[SourceQuality "1"]

1. d4 Nf6 2. c4 e6 3. Bg5 h6 4. Bh4 g5 5. Bg3 Bb4+ 6. Nc3 Ne4 7. Qd3 d5 8. a3 Bxc3+ 9. bxc3 b6 10. e3 Ba6 11. Qc2 Nxg3 12. fxg3 dxc4 13. Qe4 Qd5 14. Qc2 Nd7 15. Qa4 Bb5 16. Qc2 Nf6 17. Nf3 Qe4 18. Qe2 Nd5 19. Kf2 Nxc3 20. Qb2 g4 21. Nh4 Nd5 22. Qxb5+ c6 23. Qxc6+ Ke7 24. Re1 Rhc8 25. Qa4 c3 26. Qb3 b5 27. Rg1 Rc7 28. h3 Nxe3 29. Qb4+ Kf6 30. Rxe3 Qc2+ 31. Be2 Qa2 32. Rxc3 Rac8 33. Rxc7 Rxc7 34. hxg4 Rc2 35. Qxb5 1-0

[Event "FRA-chT U20 0405"]
[Site "France"]
[Date "2004.11.21"]
[Round "2.10"]
[White "Vernay, Gaspard"]
[Black "Tarazi, Louis"]
[Result "0-1"]
[WhiteElo "1120"]
[BlackElo "1040"]
[PlyCount "54"]
[EventDate "2004.11.20"]
[EventType "team"]
[EventRounds "11"]
[EventCountry "FRA"]
[SourceTitle "CBM 103 Extra"]
[Source "ChessBase"]
[SourceDate "2005.01.01"]
[SourceVersion "1"]
[SourceVersionDate "2005.01.01"]
[SourceQuality "1"]

1. Nf3 d5 2. g3 Nc6 3. Bg2 Nf6 4. 0-0 Bf5 5. d3 e6 6. Nbd2 Bc5 7. e4 dxe4 8. dxe4 Nxe4 9. Nxe4 Qxd1 10. Rxd1 Bxe4 11. Re1 Bxc2 12. Re2 Bd3 13. Rd2 Bf5 14. Nh4 Bg4 15. Rc2 Bb6 16. h3 Bf5 17. b3 Bxc2 18. Bb2 Rg8 19. Rc1 Bd3 20. Rc3 Ba6 21. Nf3 Rd8 22. Rc2 Rd1+ 23. Bf1 Rxf1+ 24. Kg2 Rxf2+ 25. Rxf2 Bxf2 26. Kxf2 Nb4 27. a3 Nd3+ 0-1

[Event "FRA-chT U20 0405"]
[Site "France"]
[Date "2004.11.20"]
[Round "1.8"]
[White "Pouillard, Cecile"]
[Black "Vernay, Gaspard"]
[Result "0-1"]
[WhiteElo "1320"]
[BlackElo "1120"]
[PlyCount "75"]
[EventDate "2004.11.20"]
[EventType "team"]
[EventRounds "11"]
[EventCountry "FRA"]
[SourceTitle "CBM 103 Extra"]
[Source "ChessBase"]
[SourceDate "2005.01.01"]
[SourceVersion "1"]
[SourceVersionDate "2005.01.01"]
[SourceQuality "1"]

1. e4 e6 2. d4 d5 3. Nc3 c5 4. exd5 cxd4 5. Qxd4 exd5 6. Qxd5 Qxd5 7. Nxd5 Be6 8. Nc7+ Kd7 9. Nxa8 Bd5 10. Nf3 Be4 11. Bd3 Bxd3 12. Ne5+ Ke6 13. Nxd3 Nc6 14. Be3 Bb4+ 15. c3 Bd6 16. 0-0 Nf6 17. Nc5+ Bxc5 18. Bxc5 Rxa8 19. Rfe1+ Kd5 20. b4 Kc4 21. Re3 Ng4 22. Re4+ Kxc3 23. Rxg4 Kb2 24. Rd1 Re8 25. f4 b6 26. b5 bxc5 27. bxc6 c4 28. f5 c3 29. Rb4+ Kc2 30. Rdb1 Kd2 31. Rc4 c2 32. Rb2 Re1+ 33. Kf2 Re2+ 34. Kg3 Kd3 35. Rcxc2 Rxc2 36. Rxc2 Kxc2 37. c7 Kd2 38. c8Q 0-1